000 00714nam a2200241u 4500
001 35581
003 BD-RjUL
005 20211209052339.0
008 140525s1956 enk 000 0 eng d
035 _a(BD-RjUL)35676
040 _aDLC
_cCarP
_dDLC
_beng
041 _aeng
082 _a519.5
_bKEE 1968
100 1 _aKendall, Maurice G.
_q(Maurice George),
_d1907-1983.
_9168
245 1 0 _aExercises in theoretical statistics :
_bWith Answers and Hints on Solutions /
_cMaurice G Kendall
250 _a3rd. ed.
260 _aLondon :
_bC. Griffin,
_c1968.
300 _avii, 179 p. ;
_c23 cm.
650 0 _aMathematical statistics.
_9107954
942 _2ddc
_cBK
999 _c35581
_d35581